Geography Sorting - United States of America - Statistics

General Stats
  • This quiz has been taken 770 times
  • The average score is 47 of 60
Answer Stats
Hint Answer % Correct
Missouri S
99%
Sacramento C
98%
Michigan S
98%
Augusta C
97%
Lincoln C
97%
Nevada S
96%
Utah S
96%
Phoenix C
95%
San Francisco O
95%
Seattle O
95%
Iowa S
95%
Mississippi S
95%
Santa Fe C
94%
Carson City C
94%
Jackson C
94%
Illinois S
94%
Tallahassee C
93%
Portland O
93%
Miami O
93%
Jacksonville O
93%
Lansing C
92%
Chicago O
92%
Springfield C
91%
Washington S
91%
Olympia C
90%
Maryland S
90%
Austin C
89%
Texas S
89%
Kansas City O
88%
South Dakota S
88%
Honolulu C
86%
Indiana S
85%
Albany C
83%
New York S
83%
Harrisburg C
81%
Boston C
80%
Ohio S
80%
Florida S
79%
Philadelphia O
76%
Georgia S
76%
Cincinatti O
72%
Detroit O
69%
Trenton C
67%
Topeka C
65%
Nashville C
63%
Kentucky S
63%
Tennessee S
62%
Kansas S
58%
Baton Rouge C
57%
Colorado S
56%
New Orleans O
51%
Atlanta C
50%
Vermont S
50%
Orlando O
46%
Dover C
43%
Wichita O
41%
Wyoming S
41%
Boise C
38%
Las Vegas O
36%
Wisconsin S
36%
No matching quizzes found
Score Distribution
Percent of People with Each Score
Percentile by Number Answered
Your Score History
You have not taken this quiz